000 00494nam a22001457a 4500
020 _a818269591-0
082 _a001
_bBLA/J
100 _aDUTTA, TITIKSHA
245 _aIMPROVE YOUR GK
260 _aDELHI
_bBLACK ROSE PUBLICATIONS
_c2005
300 _a224
520 _aTOPICS ON HISTORY, GEOGRAPHY, SCIENCE, SPORTS, POLITICS, LITERATURE AND CURRENT AFFAIRS, MCQ AND SIMPLE QUESTIONS FOR SUCCESSIVE COMPETITIVE EXAMINATIONS OF GENERAL NATURE.
650 _aGENERAL KNOWLEDGE
_zINDIA
942 _cBK
999 _c6264
_d6264